000 00428nam a2200181Ia 4500
005 20250603145050.0
008 250603s9999 xx 000 0 und d
020 _a9789350560969
050 _aQE 451.V4463/
100 _aVeena
245 0 _aHandbook of petrology
260 _aNew delhi
260 _bDPH discovery publishing house pvt. Ltd.
260 _c2012
300 _a227 p
650 _aNew delhi
942 _cBK
999 _c40765
_d40765